000 00273nam a2200097Ia 4500
001 658503
005 20250826154636.0
008 250824s9999 xx 000 0 und d
245 0 _aSİHİRLİ KRALLIK DENİZ KIZI KAYALIKLARI 4
_cROSİE BANKS
260 _bDOĞAN EGMONT YAYINLARI
999 _c658503
_d658503